| 000 -LEADER |
| fixed length control field |
00914nam a2200229Ia 4500 |
| 001 - CONTROL NUMBER |
| control field |
11427 |
| 003 - CONTROL NUMBER IDENTIFIER |
| control field |
GE_BSU |
| 008 - FIXED-LENGTH DATA ELEMENTS--GENERAL INFORMATION |
| fixed length control field |
181216s||||||||xx |||||||||||||| ||und|| |
| 040 ## - CATALOGING SOURCE |
| Transcribing agency |
GE_BSU |
| 080 ## - UNIVERSAL DECIMAL CLASSIFICATION NUMBER |
| Universal Decimal Classification number |
634.6(075.8)+581.19(075.8) |
| 100 ## - MAIN ENTRY--PERSONAL NAME |
| Personal name |
გოგია,ვ. |
| 245 ## - TITLE STATEMENT |
| Title |
სუბტროპიკული მცენარეების ბიოქიმია. |
| 245 ## - TITLE STATEMENT |
| Remainder of title |
დამხმ.სახელმძღვ. სუბტროპიკული მეურნეობის ინ-ტის სტუდენტებისათვის. |
| 245 ## - TITLE STATEMENT |
| Statement of responsibility, etc. |
რედ:ქ.დგებუაძე. |
| 260 ## - PUBLICATION, DISTRIBUTION, ETC. |
| Place of publication, distribution, etc. |
თბილისი. |
| 260 ## - PUBLICATION, DISTRIBUTION, ETC. |
| Name of publisher, distributor, etc. |
განათლება. |
| 260 ## - PUBLICATION, DISTRIBUTION, ETC. |
| Date of publication, distribution, etc. |
1979. |
| 300 ## - PHYSICAL DESCRIPTION |
| Extent |
326გვ;22სმ. |
| 300 ## - PHYSICAL DESCRIPTION |
| Accompanying material |
ცხრ. |
| 653 ## - INDEX TERM--UNCONTROLLED |
| Uncontrolled term |
სუბტროპიკული მცენარეების ბიოქიმია. |
| 942 ## - ADDED ENTRY ELEMENTS (KOHA) |
| Koha item type |
წიგნი |